000 00492nam a2200169Ia 4500
003 OSt
005 20201223132109.0
008 190216s9999||||xx |||||||||||||| ||und||
040 _coclc
082 _a894.8128
_bBAL/C
100 _aBalakrishnan, P K
_91791
245 0 _aChandu Menon Oru Padanam /
_cP K Balakrishnan
260 _bNational Book Stall,
_aKottayam:
_c1977.
300 _a218p
650 _aPadanam
942 _cBK
_2ddc
_h894.8128
_iBAL/C
_k894.8128
_mBAL/C
999 _c25400
_d25400